Journal of psychiatric administration and management

Detalles Bibliográficos
Autor Corporativo: American Association of Psychiatric Administrators
Formato: Electrónico Revista
Lenguaje:inglés
Publicado: Hauppauge, New York : Nova Science Publishers, Inc., [2012]-
Materias:
Acceso en línea:Full text available from Research Library: 01/01/2012 to 07/31/2017

MARC

LEADER 00000nas a2200000 i 4500
001 ssj0001454336
003 WaSeSS
005 20200512172242.0
006 m d
007 cr n
008 110906d20122017nyuqr p s | a0eng
010 |a  2011203268 
022 |y 2163-3878 
035 |a (WaSeSS)ssj0001454336 
037 |b Nova Science Publishers, Inc., 400 Oser Avenue, Suite 1600, Hauppauge, NY 11788-3619 
040 |a DLC  |b eng  |c DLC  |d DLC  |d OCLCQ  |d OCLCF  |d OCLCO  |d DLC  |d WaSeSS 
042 |a pcc  |a nsdp 
050 0 0 |a RA790.A1  |b J695 
082 1 0 |a 362.2  |2 14 
210 0 |a J. psychiatr. adm. manag. 
222 0 |a Journal of psychiatric administration and management 
245 0 0 |a Journal of psychiatric administration and management  |h [electronic resource]. 
246 3 |a JPAM 
260 |a Hauppauge, New York :  |b Nova Science Publishers, Inc.,  |c [2012]- 
310 |a Quarterly 
362 1 |a Began with v. 1, issue 1 (2012) ; ceased with Dec. 2017. 
506 |a License restrictions may limit access. 
550 |a Official journal of the American Association of Psychiatric Administrators. 
588 |a Description based on: V. 1, issue 1 (2012); title from cover. 
588 |a Latest issue consulted: V. 1, issue 1 (2012). 
650 0 |a Mental health services  |x Administration  |v Periodicals. 
650 0 |a Mental health services  |x Management  |v Periodicals. 
650 7 |a Mental health services  |x Administration.  |2 fast  |0 (OCoLC)fst01016501 
650 7 |a Mental health services  |x Management.  |2 fast  |0 (OCoLC)fst01016522 
655 0 |a Electronic journals. 
710 2 |a American Association of Psychiatric Administrators. 
850 |a DLC 
856 4 0 |z Full text available from Research Library: 01/01/2012 to 07/31/2017  |u https://search.proquest.com/publication/2034828